Examining the association between binge drinking and propensity to join the military

Gespeichert in:  
Bibliographische Detailangaben
VerfasserInnen: Barry, A.E. (Verfasst von) ; Wadsworth, S.M. (Verfasst von) ; Varnes, J. (Verfasst von) ; Whiteman, S.D. (Verfasst von) ; Tennant, B.L. (Verfasst von) ; Hanik, B. (Verfasst von) ; Stellefson, M.L. (Verfasst von)
Medienart: Elektronisch Aufsatz
Sprache:Englisch
Veröffentlicht: 2013
In: Military medicine
Jahr: 2013, Band: 178, Heft: 13, Seiten: 37-42
Online-Zugang: Volltext (lizenzpflichtig)
Verfügbarkeit prüfen: HBZ Gateway

MARC

LEADER 00000caa a22000002c 4500
001 1912545683
003 DE-627
005 20250121055012.0
007 cr uuu---uuuuu
008 241217s2013 xx |||||o 00| ||eng c
024 7 |a 10.7205/MILMED-D-12-00293  |2 doi 
035 |a (DE-627)1912545683 
035 |a (DE-599)KXP1912545683 
040 |a DE-627  |b ger  |c DE-627  |e rda 
041 |a eng 
084 |a 2,1  |2 ssgn 
100 1 |a Barry, A.E.  |e VerfasserIn  |4 aut 
245 1 0 |a Examining the association between binge drinking and propensity to join the military 
264 1 |c 2013 
336 |a Text  |b txt  |2 rdacontent 
337 |a Computermedien  |b c  |2 rdamedia 
338 |a Online-Ressource  |b cr  |2 rdacarrier 
700 1 |a Wadsworth, S.M.  |e VerfasserIn  |4 aut 
700 1 |a Varnes, J.  |e VerfasserIn  |4 aut 
700 1 |a Whiteman, S.D.  |e VerfasserIn  |4 aut 
700 1 |a Tennant, B.L.  |e VerfasserIn  |4 aut 
700 1 |a Hanik, B.  |e VerfasserIn  |4 aut 
700 1 |a Stellefson, M.L.  |e VerfasserIn  |4 aut 
773 0 8 |i Enthalten in  |t Military medicine  |d Oxford : Oxford University Press, 1955  |g 178(2013), 13, Seite 37-42  |h Online-Ressource  |w (DE-627)376276681  |w (DE-600)2130577-8  |w (DE-576)273888277  |x 1930-613X  |7 nnas 
773 1 8 |g volume:178  |g year:2013  |g number:13  |g pages:37-42 
787 0 8 |i Forschungsdaten  |a Johnston, Lloyd D.  |t Monitoring the Future: A Continuing Study of American Youth (12th-Grade Survey), 2008  |d [Erscheinungsort nicht ermittelbar] : [Verlag nicht ermittelbar], 2009  |w (DE-627)1840054123 
856 4 0 |u https://doi.org/10.7205/MILMED-D-12-00293  |x Resolving-System  |z lizenzpflichtig  |3 Volltext  |7 1 
935 |a mkri 
951 |a AR 
ELC |a 1 
LOK |0 000 xxxxxcx a22 zn 4500 
LOK |0 001 4637511186 
LOK |0 003 DE-627 
LOK |0 004 1912545683 
LOK |0 005 20241217044435 
LOK |0 008 241217||||||||||||||||ger||||||| 
LOK |0 035   |a (DE-2619)ICPSR111311 
LOK |0 040   |a DE-2619  |c DE-627  |d DE-2619 
LOK |0 092   |o n 
LOK |0 852   |a DE-2619 
LOK |0 852 1  |9 00 
LOK |0 935   |a nacp 
LOK |0 939   |a 17-12-24  |b l01 
ORI |a SA-MARC-krimdoka001.raw